[Event "Subic Bay Puregold op-B"]
[Site "Subic Bay"]
[Date "2016.12.14"]
[Round "3"]
[White "Marimla, Erickson"]
[Black "Vicente, Venice"]
[Result "1/2-1/2"]
[WhiteElo "1977"]
[BlackElo "1773"]
[PlyCount "81"]
[EventDate "2016.12.13"]
[EventType "swiss"]
[EventRounds "9"]
[EventCountry "PHI"]
[SourceTitle "EXT 2018"]
[Source "ChessBase"]
[SourceDate "2017.10.13"]
[SourceVersion "1"]
[SourceVersionDate "2017.10.13"]
[SourceQuality "1"]

1. d4 d5 2. c4 c6 3. Nf3 Nf6 4. e3 Bf5 5. Nc3 e6 6. Qb3 Qb6 7. Qxb6 axb6 8. Nh4 Bg6 9. Be2 dxc4 10. Bxc4 b5 11. Be2 b4 12. Nxg6 hxg6 13. Nd1 Bd6 14. h3 g5 15. f3 Bg3+ 16. Kf1 Nh5 17. Bd2 Bh4 18. Be1 Nd7 19. Bxh4 gxh4 20. Kf2 Ng3 21. Re1 Nxe2 22. Kxe2 Ke7 23. Nf2 b6 24. Nd3 c5 25. dxc5 bxc5 26. Rec1 Ra5 27. a4 bxa3 28. bxa3 Rha8 29. f4 Rxa3 30. Rxa3 Rxa3 31. Nxc5 Nf6 32. Rd1 Nd5 33. Rd3 Rxd3 34. Nxd3 f6 35. Kf3 Kf7 36. e4 Nc3 37. e5 f5 38. Ke3 Nd5+ 39. Kf3 Nc3 40. Ke3 Nd5+ 41. Kf3 1/2-1/2

[Event "Olongapo City Puregold op-B"]
[Site "Olongapo City"]
[Date "2015.11.20"]
[Round "7"]
[White "Bagamasbad, Efren"]
[Black "Marimla, Erickson"]
[Result "1-0"]
[WhiteElo "2164"]
[BlackElo "2013"]
[PlyCount "127"]
[EventDate "2015.11.17"]
[EventType "swiss"]
[EventRounds "9"]
[EventCountry "PHI"]
[SourceTitle "EXT 2017"]
[Source "ChessBase"]
[SourceDate "2016.10.25"]
[SourceVersion "1"]
[SourceVersionDate "2016.10.25"]
[SourceQuality "1"]

1. c4 Nf6 2. Nc3 c6 3. d4 d5 4. e3 e6 5. Nf3 Nbd7 6. Qc2 a6 7. e4 dxe4 8. Nxe4 Nxe4 9. Qxe4 Nf6 10. Qc2 c5 11. Be3 Ng4 12. 0-0-0 Nxe3 13. fxe3 Qa5 14. Kb1 cxd4 15. exd4 Be7 16. Bd3 h6 17. g4 Bd7 18. Be4 0-0-0 19. Ne5 Be8 20. c5 f6 21. Nc4 Qc7 22. Qg2 Bc6 23. b4 Rhe8 24. Rhe1 Bf8 25. Bxc6 Qxc6 26. Qxc6+ bxc6 27. Kc2 Kc7 28. Nb6 g5 29. Rf1 Bg7 30. Nc4 h5 31. h3 hxg4 32. hxg4 Rh8 33. Rfe1 Rh2+ 34. Kb3 Kd7 35. Re4 Rdh8 36. Rd3 R8h3 37. Rde3 Rxe3+ 38. Rxe3 Rh4 39. Nb6+ Ke7 40. d5 cxd5 41. Nxd5+ Kf7 42. Nc7 Rxg4 43. Nxe6 Rh4 44. c6 Rh8 45. Kc4 g4 46. c7 Rc8 47. Kd5 f5 48. Kd6 Bh6 49. Re1 f4 50. Kd7 Rxc7+ 51. Nxc7 f3 52. Rf1 Kf6 53. Nxa6 Be3 54. Nc5 Ke5 55. Kc6 Bxc5 56. Kxc5 Kf4 57. b5 g3 58. b6 g2 59. Rb1 f2 60. b7 f1Q 61. b8Q+ Kg5 62. Qe5+ Kg4 63. Rb4+ Kh3 64. Qe3+ 1-0